MDQL
is popping MORE tags! Check the
thread
!
Quizzes
Events
Quiz Creation
Community
Videos
Private Events
Remove Ads
Sign In
Join for FREE
Feedback
Dark Mode
Quiz Categories
Sports
Geography
Music
Movies
Television
Just For Fun
Miscellaneous
History
Literature
Language
Science
Gaming
Entertainment
Religion
Holiday
For Kids
Quiz Lab
Recent
Popular Today
Quiz Kudos Today
Editor Picks
Curator Picks
Quizzes by...
Day
Popularity
Type
Ratings
Length
Year
Community
Subscriptions
Recent Discussions
Orange Saloon
Badges
Playlists
Quests
Create
Leaderboards
Showdown
Live 5
Trivia Bingo
Activity
Puzzle Library
Sporcle Events
Private Events
Virtual Trivia
Globe League
Become a Host
Pub Owners
SporcleCon
Opinionation
Our Games
Videos
Blog
Mobile Apps
Partnerships
Remove Ads and Go Orange
Feedback
Gaming
Video Games
Board Games
Card Games
Pokémon
Mario
Nintendo
Minecraft
Console
Toys
Legend of Zelda
Gaming
Video Games
Board Games
Card Games
Pokémon
Mario
Nintendo
Minecraft
Console
Toys
Legend of Zelda
Random Quiz
Search Sporcle
×
Quiz Lab
Quiz Lab
Gaming
League of Legends
Type in answers that appear in a list
Type in answers that appear in a list
Classic
Best Score? Go Orange.
Members of LoL TSM (Team Solomid) Stats
Can you name the Members of LoL TSM (Team Solomid) throughout all time?
By
Kant0s57
10m
46 Questions
3,284 Plays
3,284 Plays
3,284 Plays
Comments
Comments
Give Quiz Kudos
Give Quiz Kudos
-
- Ratings
hide this ad
Replay
Link that replays current quiz
Next Quiz
Link to next quiz in quiz playlist
You Got
0%
They Got
Avg Score
53%
Avg Friend Score
Upgrade to see
Score Distribution
Jump to the score distribution portion of the page
Score
0/46
Timer
10:00
0
Plays Today
Position
Player
% Correct
Mid
Bjergsen
95.2%
ADC
Doublelift
95.1%
ADC
Doublelift
95.1%
Top
Dyrus
94.7%
ADC
Wildturtle
93.5%
ADC
Wildturtle
93.5%
Mid
Reginald
92%
Jungle
Svenskeren
88.8%
Top
Hauntzer
87.7%
Support
Biofrost
87.3%
Jungle
TheOddOne
85.7%
ADC
Zven
85.5%
Support
Mithy
80.1%
Support
Xpecial
79.3%
Support
Lustboy
78%
ADC
Chaox
77.3%
Top
BrokenBlade
76.4%
Jungle
Santorin
76.4%
Jungle (Academy)
Grig
74.2%
Jungle
Grig
74.2%
Support
Yellowstar
73.9%
Jungle
Amazingx
71.7%
Support
Smoothie
71%
Position
Player
% Correct
Jungle (Academy)
Akaadian
70.6%
Top
TheRainMan
67.7%
Jungle
MikeYeung
63%
Jungle (Academy)
MikeYeung
63%
Support
Gleebglarbu
61.4%
Support (Tryout)
KaSing
53.3%
ADC (Temporary)
KeithMcBrief
52.5%
Mid (Academy)
AblazeOlive
51.6%
ADC
Mr. RalleZ
47.8%
ADC (Academy)
Mr. RalleZ
47.8%
Support (Academy)
Treatz
45.9%
ADC (Academy)
Tactical
43.5%
Support
Locodoco
41.6%
Top (Academy)
Brandini
38.2%
Top (Temporary Sub) Hint-
Played for Epik Gamer then later CoL
Westrice
38%
Top (Academy)
Brandini
37.3%
Top
Saintvicious
36.3%
Mid (TSM Jr.)
Sword
32.7%
Top (Academy)
PieCakeLord
27.1%
Jungle (Academy)
Fanatiik
23.8%
Support (Academy)
Shady
23.1%
ADC (TSM Jr.)
Johnsun
21.9%
Jungle (TSM Jr.)
Sarcasm
14.7%
Quiz Playlist
Details
Report
Send in Message
Add To Playlist
Classic:
Type in answers that appear in a list
Last Updated: Jan 31, 2019
Quiz Scoreboard
CHALLENGE
Sign Up to Join the Scoreboard
Show All
Scores
Hide
Comments
May contain spoilers
Recently Published
1-10 Letter E Words III
by El_Dandy
Language
2m
Street Fighter Characters
by Artimus82
Gaming
60s
College Basketball Coaching Resumes
by pancakes188
Sports
9m
More to Explore
Quiz From the Vault
Featured Blog Post
Where Did the Easter Bunny Come From?
hide this ad
You Might Also Like...
Tags
esports
lcs
League of Legends
Today's Top Quizzes in Gaming
Browse Gaming
hide this ad
Today's Top Quizzes in League of Legends
Browse League of Legends
Top Contributed Quizzes in Gaming
1
5-to-1: Consoles
2
7-to-1: Board Game Piece Blitz
3
5-to-1: Legend of Zelda
4
League of Legends Pro Players by Career/Team History
5
Destiny 2 exotic weapons by perk icons
6
Ultimate Genshin Impact Logic Puzzle (up to 4.3)
7
Quick Pick: Video Games Lost in Translation
8
Franchise by Action Figure
9
Who's on the WWE 2K24 Cover?
10
Genshin Impact Logic Puzzle Quiz
Explore More
Trending Topics
Disney
Crossword
Anime
Kpop
Marvel
NBA
Harry Potter
WWE
Country
Soccer
Pokémon
The Office
NFL
Puzzle
Song
hide this ad
More By:
Kant0s57
Quiz
Plays
Rating
Category
Featured
Created
Members of LoL TSM (Team Solomid)
3,284
5.00
Gaming
Jun 12, 2017
Members of LoL Cloud9
1,059
5.00
Gaming
Jun 12, 2017
Members of LoL Fnatic
922
4.00
Gaming
Jun 13, 2017
Members of LoL CLG
692
5.00
Gaming
Jun 12, 2017
Members of LoL Team Curse/Team Liquid
412
5.00
Gaming
Jun 12, 2017
Go to Creator's Profile
Score Distribution
Quiz Creator Spotlight
Kant0s57
Follow
Send a Message
Quizzes Created
-
Created Quiz Play Count
-
More By This Creator
Popular Quizzes Today
1
Find the US States - No Outlines Minefield
2
Find the Countries of Europe - No Outlines Minefield
3
The Countries of the World
4
Find the US States
5
Risky Map Clicking: Biggest States A-Z
6
US States
7
Popular People in 1961
8
Movies - When Are They Set?
More Gaming Quizzes
Dingbat Pokémon
Editor's Pick
Trending Quizzes
Risky Map Clicking: Least Populous States A-Z
1-10 Letter G Words
1-10 Letter F Words
Countries of the World: 200 Million BC
Risky Map Clicking: Next State Alphabetically
Recently Updated
Beyoncé Albums
pecheneg
Leaping Animals
pecheneg
Reality TV Shows (A-Z)
bhenderson79
Rickey Henderson's Hall of Fame Teammates
pecheneg
Champions League XIs: Arsenal
pecheneg
Quick Pick: Celebrities in WWE's Hall of Fame
aduchscher
A-Z Keypad Blitz II
pecheneg
Multiple Oscar Actors
pecheneg
Mystery Phrase Blitz: Oscar 'Best Actors'
pecheneg
F. Scott Fitzgerald Novels
LTH
Trending Topics
Harry Potter
Crossword
Anime
Disney
NBA
Kpop
Marvel
Song
Pokémon
Soccer
Puzzle
Country
NFL
WWE
The Office
Your Account Isn't Verified!
In order to create a playlist on Sporcle, you need to verify the email address you used during registration. Go to your
Sporcle Settings
to finish the process.
Report this User
Report this user for behavior that violates our
Community Guidelines
.
Details:
Send Report
Go to the Sporcle.com Mobile Site →
Comments